|
|
|
|
| LEADER |
00917cam a2200217 7i4500 |
| 001 |
0000018472 |
| 005 |
20061004090000.0 |
| 020 |
0 |
0 |
|a 9834313713
|
| 090 |
0 |
0 |
|a M 338.09595
|b KEM
|
| 110 |
2 |
0 |
|a Kementerian Perdagangan Antarabangsa dan Industri [MITI]
|
| 245 |
2 |
0 |
|a IMP3 :
|b Pelan induk perindustrian ketiga 2006-2020 :
|b Pelan induk perindustrian ketiga 2006-2020 :
|b Malaysia - ke arah daya saing global.
|
| 260 |
0 |
0 |
|a Kuala Lumpur:
|b MITI,
|c 2006.
|
| 300 |
# |
# |
|a 803 p.
|
| 650 |
0 |
0 |
|a Economic forecasting --
|z Malaysia
|
| 650 |
0 |
0 |
|a Industries --
|x Planning --
|z Malaysia
|
| 650 |
0 |
0 |
|a Industrial development projects --
|x Planning --
|z Malaysia
|
| 651 |
0 |
0 |
|a Malaysia
|
| 999 |
|
|
|a 0000019313
|b Book
|c Malaysia
|e Business Information Centre
|
| 999 |
|
|
|a PNG000641H
|b Book
|c Malaysia
|e MATRADE Northern Regional Office
|
| 999 |
|
|
|a SBH000619H
|b Book
|c Malaysia
|e MATRADE Sabah
|
| 999 |
|
|
|a SRW000002H
|b Book
|c Malaysia
|e MATRADE Sarawak
|